Historical City by Picture (Multiple Choice) - Statistics

General Stats
  • This quiz has been taken 25 times
  • The average score is 7 of 15
Answer Stats
Question Answer % Correct
Machu Picchu
87%
Ayutthaya
70%
Zanzibar
65%
Corinth
61%
Teotihuacan
57%
Kiev
52%
Luoyang
48%
Winchester
39%
Ravenna
39%
Gondar
35%
Palenque
30%
Kyoto
30%
Isfahan
26%
Aššur
22%
Memphis
4%
No matching quizzes found
Score Distribution
Percent of People with Each Score
Percentile by Number Answered
Your Score History
You have not taken this quiz